| 000 | 00907nac a22002657a 4500 | ||
|---|---|---|---|
| 001 | BR2500023 | ||
| 003 | BR-BrBNA | ||
| 005 | 20240105112756.0 | ||
| 008 | 230509b bl.|||m| |||| 00| 0 por d | ||
| 040 |
_aBR-BrBNA _bpor _cBiblioteca Nacional de Agricultura |
||
| 072 | _aH10 | ||
| 090 | _a2120 BR2500023 | ||
| 100 | 1 | _aIhering, R. von | |
| 110 | 1 |
_aSecretaria da Agricultura, Commercio e Obras Publicas, Sao Paulo, SP (Brasil). Servico de Defesa do Cafe _98360 |
|
| 245 | 1 | _aHistoria de um bichinho malvado [cafe, inseto] | |
| 260 | 3 |
_aSao Paulo, SP (Brasil): _c[nd]. |
|
| 300 | _a31 p. | ||
| 490 |
_aPublicacao - Secretaria da Agricultura, Commercio e Obras Publicas. Servico de Defesa do Cafe (Brazil) _vno. 5 _x |
||
| 500 | _aPublished 1924? | ||
| 650 | _aCAFE | ||
| 650 | _aINSETO | ||
| 650 | _aPRAGA DE PLANTA | ||
| 909 |
_a202312 _bLúcia Elande _c55 _dLúcia Elande |
||
| 942 |
_2AGRIS _n0 _cMS |
||
| 999 |
_c260252 _d260252 |
||